000 00630nam a2200169Ia 4500
008 100122s9999 xx 000 0 und d
082 _b17927
_a824
100 _aविश्वमोहिनी
245 _aनिवडक अश्मसार
260 _bविश्वमोहिनी प्रकाशन
_c2002
300 _a140
520 _aपुस्तक बाजूला ठेवले आहे.
620 _aपुस्तक बाजूला ठेवले आहे.
630 _aनिवडक अश्मसार
730 _aनिवडक अश्मसार
942 _cBOOK
999 _c407527
_d407524